| 000 -LEADER |
| fixed length control field |
01325cam a2200373 i 4500 |
| 001 - CONTROL NUMBER |
| control field |
664811 |
| 003 - CONTROL NUMBER IDENTIFIER |
| control field |
SCU |
| 005 - DATE AND TIME OF LATEST TRANSACTION |
| control field |
20260206101104.0 |
| 008 - FIXED-LENGTH DATA ELEMENTS--GENERAL INFORMATION |
| fixed length control field |
150728s2016 nyu e 000 0aeng |
| 010 ## - LIBRARY OF CONGRESS CONTROL NUMBER |
| LC control number |
2015020998 |
| 020 ## - INTERNATIONAL STANDARD BOOK NUMBER |
| International Standard Book Number |
9781101875551 |
| Qualifying information |
(hardcover) |
| 040 ## - CATALOGING SOURCE |
| Original cataloging agency |
DLC |
| Modifying agency |
SCU |
| Transcribing agency |
KH8 |
| 041 1# - LANGUAGE CODE |
| Language code of text/sound track or separate title |
eng |
| -- |
ita |
| Language code of original |
ita |
| 042 ## - AUTHENTICATION CODE |
| Authentication code |
nbic |
| 082 ## - DEWEY DECIMAL CLASSIFICATION NUMBER |
| Classification number |
813.54 LAH |
| 100 1# - MAIN ENTRY--PERSONAL NAME |
| Personal name |
Lahiri, Jhumpa, |
| Relator term |
author. |
| 245 10 - TITLE STATEMENT |
| Title |
In other words / |
| Statement of responsibility, etc. |
Jhumpa Lahiri ; translated from the Italian by Ann Goldstein. |
| 250 ## - EDITION STATEMENT |
| Edition statement |
First edition. |
| 260 ## - PUBLICATION, DISTRIBUTION, ETC. |
| Place of publication, distribution, etc. |
New York : |
| Name of publisher, distributor, etc. |
Alfred A. Knopf, |
| Date of publication, distribution, etc. |
2016. |
| 300 ## - PHYSICAL DESCRIPTION |
| Extent |
xiv, 233 pages ; |
| Dimensions |
22 cm. |
| 336 ## - CONTENT TYPE |
| Content type term |
text |
| Source |
rdacontent. |
| 337 ## - MEDIA TYPE |
| Media type term |
unmediated |
| Source |
rdamedia. |
| 338 ## - CARRIER TYPE |
| Carrier type term |
volume |
| Source |
rdacarrier. |
| 520 ## - SUMMARY, ETC. |
| Summary, etc. |
"A series of reflections on the author's experiences learning a new language and living abroad, in a dual-language edition"-- |
| Assigning source |
Provided by publisher. |
| 546 ## - LANGUAGE NOTE |
| Language note |
English text and Italian translation on facing pages. |
| 600 10 - SUBJECT ADDED ENTRY--PERSONAL NAME |
| Personal name |
Lahiri, Jhumpa. |
| 650 #0 - SUBJECT ADDED ENTRY--TOPICAL TERM |
| Topical term or geographic name entry element |
Second language acquisition. |
| 650 #0 - SUBJECT ADDED ENTRY--TOPICAL TERM |
| Topical term or geographic name entry element |
Italian language |
| General subdivision |
Acquisition. |
| 650 #0 - SUBJECT ADDED ENTRY--TOPICAL TERM |
| Topical term or geographic name entry element |
Authors, American |
| Chronological subdivision |
21st century |
| Form subdivision |
Biography. |
| 700 1# - ADDED ENTRY--PERSONAL NAME |
| Personal name |
Goldstein, Ann, |
| Dates associated with a name |
1949- |
| Relator term |
translator. |
| 700 12 - ADDED ENTRY--PERSONAL NAME |
| Personal name |
Lahiri, Jhumpa. |
| Title of a work |
In altre parole. |
| 700 12 - ADDED ENTRY--PERSONAL NAME |
| Personal name |
Lahiri, Jhumpa. |
| Title of a work |
In altre parole. |
| Language of a work |
English. |
| 942 ## - ADDED ENTRY ELEMENTS (KOHA) |
| Source of classification or shelving scheme |
|
| Koha item type |
Books - Non Ficton |